| 000 | 00577nam a2200217Ia 4500 | ||
|---|---|---|---|
| 005 | 20250508164433.0 | ||
| 008 | 008 250505s9999 xx 000 0 hin d | ||
| 037 | _aTextBook | ||
| 040 |
_aFEDL _beng _cFEDL |
||
| 041 |
_ahin _2eng |
||
| 084 |
_a001.42, BHA _qFEDL |
||
| 100 | _aBhatnagar R P | ||
| 245 | 0 | _aShiksha anusandhan | |
| 260 |
_aMeerut, India _bLoyal Book Depot _c2007 |
||
| 300 | _a567p. | ||
| 365 |
_aINR _b200 |
||
| 650 | _aResearch method | ||
| 700 |
_a Bhatnagar Minakshi _9778155 |
||
| 942 |
_cTB _h001.42, BHA |
||
| 999 |
_c1389129 _d1389129 |
||